000 00777nam a2200241Ia 4500
001 1046
003 GE_BSU
008 181216s||||||||xx |||||||||||||| ||und||
040 _cGE_BSU
080 _a913.1(4)(075.8)
100 _aСамаркин,В.В.
245 _aИсторическая география Западной Европы в средние века.
245 _bУч-к для студ. по спец."История
260 _aМосква
260 _bВысш.школа
260 _c1976
300 _a248стр.
541 _h6л.
653 _aГеография
653 _aИсторическая география Западной Европы в средние века
653 _aგეოგრაფია
942 _cBK
999 _c35200
_d35200